00552 2200217 4500001002100000005001500021035002000036007000300056008004100059020001500100082001200115084001800127100001800145245006100163250001000224260003100234300002900265650001000294700001800304990001200322INLIS00000000000417620191009012547 a0010-1019000028ta191009 g 1 ind  a9797347958 a540.076 a540.076 JOH k0 aJohari, J.M.C1 aKimia 1b :buntuk SMA kelas X semester 2 /cJ.M.C Johari acet.9 aJakarta :bErlangga,c2009 a74 hlm ;c19,5 x 25,5 cm 4akimia0 aM. Rachmawati a1072358